00285nam a2200121Ia 45000030006000000080041000060400015000471000018000622450030000802600024001105460012001340050017001460STCL150530s9999 xx 000 0 und d aSTCLcSTCL aPrasad Iswari aHistory of Medieval India bPrasad Iswaric1935 aEnglish20220125171424.0